|
|
|
|
| LEADER |
01153nam a2200289 a 4500 |
| 001 |
29878 |
| 003 |
BD-DhAAL |
| 005 |
20160421102359.0 |
| 008 |
160421s2011 enka b 001 0 eng |
| 010 |
|
|
|a 2010008343
|
| 016 |
7 |
|
|a 015578829
|2 Uk
|
| 020 |
|
|
|a 9781849711951 (hardback)
|
| 020 |
|
|
|a 184971195X (hardback)
|
| 040 |
|
|
|a DLC
|c DLC
|d YDX
|d UKM
|d YDXCP
|d VP@
|d CDX
|d DLC
|d BD-DhAAL
|
| 050 |
0 |
0 |
|a TJ808
|b .K36 2011
|
| 082 |
0 |
0 |
|a 333.79/4
|2 22
|
| 100 |
1 |
|
|a Kamal, Sajed,
|d 1945-
|9 19153
|
| 245 |
1 |
4 |
|a The renewable revolution :
|b how we can fight climate change, prevent energy wars, revitalize the economy, and transition to a sustainable future /
|c Sajed Kamal.
|
| 260 |
|
|
|a London ;
|a Washington, DC :
|b Earthscan,
|c 2011.
|
| 300 |
|
|
|a xxiv, 168 p. :
|b ill. ;
|c 24 cm.
|
| 504 |
|
|
|a Includes bibliographical references and index.
|
| 541 |
|
|
|e 29878
|
| 650 |
|
0 |
|a Renewable energy sources.
|9 19154
|
| 650 |
|
0 |
|a Sustainable development.
|9 19155
|
| 942 |
|
|
|2 ddc
|c BK
|
| 999 |
|
|
|c 37450
|d 37450
|
| 952 |
|
|
|0 0
|1 0
|2 ddc
|4 0
|6 333_790000000000000_4_KAM
|7 0
|9 58807
|a BRACUL
|b BRACUL
|c GEN
|d 2016-04-21
|l 4
|m 12
|o 333.794 KAM
|p 3010029878
|r 2026-04-29
|s 2026-04-20
|t 1
|w 2016-04-21
|y BK
|